000 01220nam a22003377a 4500
001 00346
003 DO-SdBNP
005 20180307115722.0
007 00346
008 160510b dr 2004||||| |||| 00| 0 spa d
020 _a9788466738934
040 _aBPMSU
_bspa
_cBPMSU
082 0 4 _a373.53
_bM534f 2do 2004
100 1 _aMena Mañon, Juan Francisco
245 1 0 _aFísica 2 :
_beducación media /
_cJuan Francisco Mena Mañon ; edición Raquel Mancheño, Pilar Vargas
260 _aSanto Domingo :
_bAnaya República Dominicana
_c2004.
300 _a191 p. :
_bil. ;
_c28 cm.
505 _tLa fuerza y el movimiento --
_tTrabajo y energía --
_tTeoría cinética de la materia --
_tOndas y sonido --
_tElectricidad --
_tÓptica.
650 4 _aFÍSICA
_xENSEÑANZA SECUNDARIA
650 4 _aFÍSICA
_xEDUCACIÓN SECUNDARIA
650 4 _aFÍSICA
_xESTUDIOS Y EJERCICIOS
650 4 _aFÍSICA
_xLIBROS DE TEXTOS
650 4 _aEDUCACIÓN SECUNDARIA
_zREPÚBLICA DOMINICANA
700 1 _aMancheño, Raquel
_eed.
700 1 _aVargas, Pilar
_eed.
830 0 _aAnaya
910 _aValidado. Control de calidad MFF
942 _2ddc
_cBK
945 _ainventariado, 2018 / dg
956 _aBTAVÁREZ
_b10
_c20160510
_d00346
999 _c10072
_d10072